00369 a2200133 450000100060000002000150000604000220002110000270004324000450007024500400011530000080015536200090016365000630017260636 a853080242X cAnchieta - Pituba aGama, Zacarias Jaegger10aAvaliação na escola de 2º graulpor10aAvaliação na escola de 2º grau a1720 a1993 4aExames e testes, prognóstico acadêmico e colocação